| 000 | 00364nam a22001457a 4500 | ||
|---|---|---|---|
| 020 | _a9780-86715-363-6 | ||
| 082 | _a617.601,D02A | ||
| 100 | _aAXELSSON,PER | ||
| 245 | _aDIAGNOSIS AND RISK PREDICTION OF PERIODONTAL DISEASES. | ||
| 250 | _a1ST | ||
| 260 |
_aCHICAGO _bQUINTESSENCE PUBLICATION _c2002 |
||
| 300 | _a463 | ||
| 650 | _aPERIODONTICS | ||
| 942 |
_2ddc _cBK |
||
| 999 |
_c9820 _d9820 |
||